| 000 | 00970cam a22002774a 4500 | ||
|---|---|---|---|
| 001 | 12152111 | ||
| 005 | 20260420141521.0 | ||
| 008 | 000823s2002 nyu b 001 0 eng | ||
| 020 | _a0415928877 | ||
| 020 |
_a0415928885 _qpbk. |
||
| 020 | _a9780415928878 | ||
| 020 |
_a9780415928885 _q(pbk.) |
||
| 050 | 0 | 0 |
_aBL458 _b.P67 2002 |
| 082 | 0 | 0 |
_a200/.82 _221 |
| 245 | 0 | 0 |
_aPostcolonialism, feminism, and religious discourse / _cedited by Laura E. Donaldson and Kwok Pui-Lan. |
| 260 |
_aNew York : _bRoutledge, _c2002. |
||
| 300 |
_avi, 219 p. ; _c24 cm. |
||
| 650 | 0 | _aWomen and religion. | |
| 650 | 0 |
_aFeminism _xReligious aspects. |
|
| 650 | 0 | _aPostcolonialism. | |
| 700 | 1 | _aDonaldson, Laura E. | |
| 700 | 1 | _aKwok, Pui-lan. | |
| 856 | 4 | 2 |
_3Publisher description _uhttp://www.loc.gov/catdir/enhancements/fy0651/00062815-d.html |
| 856 | 4 | 2 |
_3Contributor biographical information _uhttp://www.loc.gov/catdir/enhancements/fy1113/00062815-b.html |
| 942 |
_2lcc _cBK _n0 |
||
| 999 |
_c9288 _d9288 |
||